000 00326nam a22001337a 4500
008 170623b xxu||||| |||| 00| 0 eng d
020 _a9780321099532
041 _aeng
080 _a32
100 _a21
101 _aSHP
245 _aINSTRUCTORS MANUAL BANK AMERICANS NEW DEMOCRACY
_cALDKISON.D
942 _2udc
_cBK
999 _c18973
_d18973